00583nam a22001817a 450000500170000000800410001702000260005804000240008404100120010808200160012010000170013624500850015326000370023830000160027550400340029165000660032585000100039120171130151210.0170830b xxu||||| |||| 00| 0 eng d a9788177567045cRs 350 aLoreto Collegebeng aBengali a891.44bSEN aSen, Sukumar aBattalar chhapa o chhabicSukumar Sen. Compiled and edited by Shubhadrakumar Sen aKolkatabAnanda Publishersc1984 a144pb26 cm aIncludes references and index aPrintingvHistory and culturey19th CenturyzCalcutta, Bengal aLCLIB